000 00484nam a2200193Ia 4500
999 _c38060
_d38060
003 0100
005 20170719105207.0
008 130303s9999 xx 000 0 und d
040 _cARRUPELIB
050 _aB804.B591966
100 _aBorzaga, Rev. Reynold
_933355
245 _aContemporary Philosophy
245 _bPhenomenological and Existential Currents
260 _bThe Bruce Publishing Company
_aMilwaukee
_c1966
300 _a290p
650 _aPhilosophy, Modern
_y 20th century
_933356
700 _aRev. Reynold Borzaga
_933357
942 0 0 _09
_2lcc
_cMONOGRAPH